| 000 | 00493nam a2200193Ia 4500 | ||
|---|---|---|---|
| 005 | 20240913125641.0 | ||
| 008 | 240913s9999||||xx |||||||||||||| ||und|| | ||
| 020 | _a81-7233-481-8 | ||
| 041 | _aENGLISH | ||
| 082 | _A615.0979 P7 | ||
| 100 | _aSingh V. Ed. | ||
| 245 | 0 | _aIndian Folk Medicines and Other Plant- Based Products | |
| 250 | _a1st | ||
| 260 |
_c2007 _bScientific Publi |
||
| 500 | _aREFERENCE | ||
| 650 |
_aIndian Folk _bManagement Studies |
||
| 942 | _cREF | ||
| 999 |
_c245986 _d245986 |
||